00873nam a2200229 a 450000100100000000500170001000800410002702000150006804000250008308200180010810000240012624500670015026000710021730000280028849000450031650000210036150000730038250400310045565000560048665000560054283000450059800000559420200929151723.0090820s1992 sp a 001 0 spa d a8400072413 aDO-SdBNPbspacBNPHU a861.09bN672p1 aNiemeyer, Katharina13aLa poesía del premodernismo español /cKatharina Niemeyer. aMadrid :bConsejo Superior de Investigacines Científicas,c1992. a428 p. :bil. ;c25 cm.1 aBiblioteca de Filología Hispánicav7 aIncluye índice aIncluye referencias bibliográficas y notas al pie de las páginas aBibliografía: p. 399-418 4aPoesía españolaySIGLO 19xHistoria y crítica 4aPoesía españolaySIGLO 20xHistoria y crítica 1aBiblioteca de Filología Hispánican7